Reconocimiento de las inmpurezas del alcohol (Record no. 138052)

MARC details
000 -LEADER
campo de control de longitud fija 00453nam a2200145 4500
001 - NÚMERO DE CONTROL
campo de control 138052
003 - IDENTIFICADOR DE NÚMERO DE CONTROL
campo de control ES-MaACL
005 - FECHA Y HORA DE LA ÚLTIMA TRANSACCIÓN
campo de control 20230906195508.0
007 - CAMPO FIJO DE DESCRIPCIÓN FÍSICA--INFORMACIÓN GENERAL
campo de control de longitud fija t|
008 - DATOS DE LONGITUD FIJA--INFORMACIÓN GENERAL
campo de control de longitud fija 070214s1905 sp r ||||1| spa d
100 1# - ENTRADA PRINCIPAL--NOMBRE DE PERSONA
Nombre de persona Sánchez Martín, Julián.
9 (RLIN) 102760
245 10 - MENCIÓN DEL TÍTULO
Título Reconocimiento de las inmpurezas del alcohol
Resto del título : tesis doctoral /
Mención de responsabilidad, etc. Julián Sánchez Martín.
260 ## - PUBLICACIÓN, DISTRIBUCIÓN, ETC.
Lugar de publicación, distribución, etc. Salamanca :
Nombre del editor, distribuidor, etc. [s. n.],
Fecha de publicación, distribución, etc. 1905 (
Fabricante A. Iglesias)
852 ## - LOCALIZACIÓN
Ubicación ES-MaACL
Número de control de estantería T-1043-F-5
Holdings
Estatus retirado Estado de pérdida Estado de daño No para préstamo Colección Biblioteca de origen Biblioteca actual Ubicación en estantería Fecha de adquisición Fuente de adquisición Total de préstamos Signatura topográfica completa Código de barras Visto por última vez Precio de reemplazo Tipo de ítem Koha
        Colección de folletos Biblioteca del Ateneo de Madrid Biblioteca del Ateneo de Madrid Depósito folletos 17/01/2008     T-1043-F-5 1143654 23/02/2023 23/02/2023 Folleto